| 000 | 01705cam a2200469 4500 | ||
|---|---|---|---|
| 001 | 1741678366 | ||
| 003 | DE-627 | ||
| 005 | 20220628155847.0 | ||
| 007 | tu | ||
| 008 | 201202s2020 pl ||||| 00| ||pol c | ||
| 020 |
_a9788323543275 _9978-83-235-4327-5 |
||
| 020 |
_a9788323543435 _9978-83-235-4343-5 |
||
| 020 |
_a9788323543350 _9978-83-235-4335-0 |
||
| 020 |
_a9788323543510 _9978-83-235-4351-0 |
||
| 035 | _a(DE-627)1741678366 | ||
| 035 | _a(DE-599)KXP1741678366 | ||
| 035 | _a(OCoLC)1237806209 | ||
| 040 |
_aDE-627 _bpol _cDE-627 |
||
| 041 | _apol | ||
| 044 | _cXA-PL | ||
| 084 | _qDE-2620/21 | ||
| 084 | _qDE-2620/21 | ||
| 100 | 1 |
_aKmak-Pamirska, Aleksandra _eVerfasserIn _0(DE-588)1179986725 _0(DE-627)1067596321 _0(DE-576)51845634X _4aut _97869 |
|
| 245 | 1 | 0 |
_aCentrum - peryferia - naród _buwarunkowania w Polsce i w Niemczech w XIX i na początku XX wieku _cAleksandra Kmak-Pamirska |
| 250 | _aWydanie I | ||
| 264 | 1 |
_aWarszawa _bWydawnictwa Uniwersytetu Warszawskiego _c[2020] |
|
| 300 |
_a391 Seiten _bIllustrationen _c25 cm |
||
| 336 |
_aText _btxt _2rdacontent |
||
| 336 | _2rdacontent | ||
| 337 |
_aohne Hilfsmittel zu benutzen _bn _2rdamedia |
||
| 338 |
_aBand _bnc _2rdacarrier |
||
| 500 | _aLiteraturverzeichnis: Seite 361-381. - Register | ||
| 648 |
_a1800-1920 _95791 |
||
| 650 |
_a Zentrum-Peripherie-Modell _97870 |
||
| 650 |
_aPeripherie _97871 |
||
| 650 |
_aZentrum _97872 |
||
| 651 |
_aPodlachien _97873 |
||
| 651 |
_aNiederlausitz _97874 |
||
| 856 | 4 | 2 |
_uhttp://swbplus.bsz-bw.de/bsz1741678366inh.htm _mV:DE-576;B:DE-14 _qapplication/pdf _v20210721193049 _3Inhaltsverzeichnis |
| 942 |
_2z _cMG |
||
| 999 |
_c57523 _d57523 |
||